000
00367nam a22001337a 4500
003
SGT
020
_a
9788128865049
082
_a
080
_b
P11V
100
_a
वर्मा, सतीश
245
_a
पाकिस्तान की हकीकत से रूबरू
260
_b
डायमंड बुक्स
_c
2011
300
_a
204
942
_2
ddc
_c
BK
999
_c
31495
_d
31495